The 8 Planets of Solar System with Map - Statistics

General Stats
  • This quiz has been taken 371 times
    313 since last reset
  • The average score is 8 of 8
Answers on the Map
Answers color-coded by a green-red scale on the quiz's map according to % correct below.
 
Answer Stats
Planet % Correct
Earth
99%
Mars
99%
Jupiter
96%
Saturn
96%
Mercury
94%
Uranus
94%
Neptune
93%
Venus
93%
No matching quizzes found
Score Distribution
Percent of People with Each Score
Percentile by Number Answered
Your Score History
You have not taken this quiz since the last reset